000 00931nam1a22003371 4500
001 RU\NLR\A1SV\36795
005 20251203171251.9
035 _a(NLR Aleph) 009719264
090 _a9866925
_c9866925
100 _a20011008d1926 u y0rusy50 ca
101 0 _arus
102 _aRU
200 1 _aДень за днем
210 _aМ.
_aЛ.
_cГос. изд.
_d1926
215 _d21-26 см
225 _aУчеб. пособия для шк. I и II ступ.
300 _aНа обл. надзагол.: Пособия для труд. шк.
620 _dМосква
620 _dСанкт-Петербург
801 0 _aRU
_bNLR
_c20011008
852 _aNLR
_j21/466
899 _aРГБ
_z(1-2)
899 _aБАН
_z(1-2)
899 _aРКП
_z(3)
899 _aНБ ТГУ
_z(2)
899 _aНПБ
_z(2-3)
899 _aКирОУНБ
_z(2-3)
942 _cBOOK
980 _aNB
980 _aA1SV